000 00412nam a22001577a 4500
003 NUST-PNEC
005 20170116181157.0
008 140718b xxu||||| |||| 00| 0 eng d
040 _cPNEC
082 _a891.439 SHA
100 _9197
_aShahab, Qudaratullah
245 _aShahab Nama
_cQudratullah Shahab
260 _aRawalpindi
_bArmy Education Press
650 _xGeneral, Urdu Literature
942 _2ddc
_cBK
999 _c71284
_d71284